|
|
|
|
| LEADER |
00000naa a2200000uu 4500 |
| 001 |
vtls011088489 |
| 003 |
SK-MaSNL |
| 005 |
20260302105754.0 |
| 008 |
210905|1997 xo |||||||||||||||||eng| |
| 015 |
|
|
|a SNBRA
|
| 035 |
|
|
|a (urnnbn)urn:nbn:sk:snk:ar-a0coez
|
| 035 |
|
|
|a (uuid)91826fbc-fd93-4272-9194-88d80ef82548
|
| 035 |
|
|
|a urn:nbn:sk:snk-aavu89
|
| 040 |
|
|
|a SNKBUCL
|b slo
|c SNKBUCL
|e AACR2
|
| 041 |
0 |
|
|a eng
|
| 044 |
|
|
|a xo
|c SK
|
| 100 |
1 |
|
|a Braunstein, P.
|4 aut
|9 784923
|
| 245 |
1 |
0 |
|a TUNING THE REACTIVITY OF MONO- AND BIMETALLIC COORDINATION AND ORGANOMETALLIC COMPLEXES
|c P. Braunstein, J. Nähring, J. Pietsch, Y. Chauvin
|
| 700 |
1 |
|
|a Nähring, J.
|4 aut
|9 784924
|
| 700 |
1 |
|
|a Pietsch, J.
|4 aut
|9 784925
|
| 700 |
1 |
|
|a Chauvin, Y.
|4 aut
|9 784926
|
| 773 |
0 |
|
|t Progress in coordination and organometallic chemistry
|d Bratislava : Slovak Technical University Press, 1997
|g S. 3-18
|z 8022709484
|
| 958 |
|
|
|a OND
|
| 958 |
|
|
|a article12
|
| 958 |
|
|
|a chapter
|
| 999 |
|
|
|c 1240139
|d 1242069
|